[Event "Bulgaria ch 2009"]
[Site "Blagoevgrad BUL"]
[Date "2009.02.18"]
[Round "8.2"]
[White "Lilov, Valeri"]
[Black "Petkov, Vladimir"]
[Result "1/2-1/2"]
[WhiteElo "2443"]
[BlackElo "2504"]
[PlyCount "182"]
[EventDate "2009.02.12"]
[EventType "tourn"]
[EventRounds "13"]
[EventCountry "BUL"]
[EventCategory "8"]
[Source "lmi"]
[SourceDate "2009.02.12"]

1. e4 c5 2. Nf3 d6 3. d4 cxd4 4. Nxd4 Nf6 5. Nc3 a6 6. Bc4 e6 7. Bb3 Be7 8. g4
d5 9. exd5 Nxd5 10. Nxd5 exd5 11. Qf3 O-O 12. Be3 Nc6 13. Qxd5 Bb4+ 14. Kf1
Bxg4 15. Nxc6 bxc6 16. Qxd8 Raxd8 17. Kg2 Bd2 18. Bxd2 Rxd2 19. Rhe1 Be2 20.
Kg3 Rfd8 21. f4 Kf8 22. Rg1 c5 23. Rg2 c4 24. Ba4 R8d6 25. f5 R6d4 26. Re1 Rg4+
27. Kh3 Rxg2 28. Kxg2 c3 29. Kg3 cxb2 30. Rb1 Ke7 31. Rxb2 Kf6 32. Rb7 Bc4 33.
a3 Kxf5 34. Bb3 Bxb3 35. cxb3 Rd3+ 36. Kg2 Ke6 37. a4 g5 38. b4 h5 39. b5 axb5
40. Rxb5 f5 41. a5 g4 42. Rb6+ Ke5 43. Rh6 Rd2+ 44. Kg1 Ke4 45. Rxh5 Ra2 46.
Kf1 Rxa5 47. Kf2 Kf4 48. Kg2 Ra2+ 49. Kg1 Ke4 50. Rg5 Rd2 51. Rh5 f4 52. Ra5
Ke3 53. Ra1 Ke2 54. Kg2 Rb2 55. Rc1 Ra2 56. Rb1 Kd2 57. Rf1 Ke3+ 58. Kg1 f3 59.
Re1+ Re2 60. Ra1 Rg2+ 61. Kh1 Rd2 62. Kg1 Ke2 63. Rf1 Kd3 64. Ra1 Rb2 65. Rd1+
Ke4 66. Ra1 Rg2+ 67. Kh1 Re2 68. Kg1 Kf4 69. Ra4+ Re4 70. Ra8 Re1+ 71. Kf2 Rh1
72. Rf8+ Ke5 73. Re8+ Kf6 74. Rh8 Kg6 75. Rg8+ Kf5 76. Rf8+ Ke6 77. Re8+ Kf7
78. Rh8 Ra1 79. Rb8 Ra2+ 80. Kg1 Rg2+ 81. Kh1 Re2 82. Kg1 Kf6 83. Rb6+ Kf5 84.
Rb8 Kf4 85. Rb4+ Re4 86. Rb8 Ke3 87. Rb3+ Kd2 88. Rb2+ Kc1 89. Ra2 Kb1 90. Rf2
Rd4 91. h3 gxh3 1/2-1/2

[Event "Bulgaria ch 2009"]
[Site "Blagoevgrad BUL"]
[Date "2009.02.18"]
[Round "8.3"]
[White "Filev, Georgi"]
[Black "Radulski, Julian"]
[Result "1/2-1/2"]
[WhiteElo "2378"]
[BlackElo "2579"]
[PlyCount "92"]
[EventDate "2009.02.12"]
[EventType "tourn"]
[EventRounds "13"]
[EventCountry "BUL"]
[EventCategory "8"]
[Source "lmi"]
[SourceDate "2009.02.12"]

1. e4 e5 2. Nf3 Nc6 3. Bb5 a6 4. Ba4 Nf6 5. O-O Be7 6. Re1 b5 7. Bb3 d6 8. c3
O-O 9. h3 a5 10. a4 b4 11. d4 Bb7 12. Nbd2 bxc3 13. bxc3 exd4 14. cxd4 Nb4 15.
Re3 d5 16. e5 Ne4 17. Ba3 c5 18. Bb2 Rc8 19. dxc5 Bxc5 20. Nd4 Nxf2 21. Kxf2
Bxd4 22. Bxd4 Qh4+ 23. g3 Qxd4 24. Nf3 Qc5 25. Qd4 Ba6 26. Qxc5 Rxc5 27. Rd1
Bc4 28. Nd4 g6 29. g4 Re8 30. g5 Bxb3 31. Nxb3 Rc2+ 32. Kf3 Ra8 33. Rc1 Rac8
34. Rd1 Rh2 35. Kg3 Rcc2 36. Nxa5 Rhg2+ 37. Kf4 h6 38. h4 h5 39. e6 Rgf2+ 40.
Ke5 fxe6 41. Kd6 Ra2 42. Rxe6 Rxa4 43. Re8+ Rf8 44. Rxf8+ Kxf8 45. Rd4 Rxa5 46.
Rxb4 Ra7 1/2-1/2

[Event "Bulgaria ch 2009"]
[Site "Blagoevgrad BUL"]
[Date "2009.02.18"]
[Round "8.5"]
[White "Enchev, Ivajlo"]
[Black "Nikolov, Momchil"]
[Result "1/2-1/2"]
[WhiteElo "2382"]
[BlackElo "2478"]
[PlyCount "123"]
[EventDate "2009.02.12"]
[EventType "tourn"]
[EventRounds "13"]
[EventCountry "BUL"]
[EventCategory "8"]
[Source "lmi"]
[SourceDate "2009.02.12"]

1. d4 Nf6 2. c4 e6 3. Nc3 Bb4 4. Qc2 c5 5. dxc5 O-O 6. a3 Bxc5 7. Nf3 b6 8. Bf4
Bb7 9. e3 Nh5 10. Bg3 Bxf3 11. gxf3 f5 12. f4 Nc6 13. Bg2 Rc8 14. Rd1 Be7 15.
Qd3 Nf6 16. Nd5 Na5 17. Nxf6+ Bxf6 18. Qxd7 Qxd7 19. Rxd7 Bxb2 20. Rxa7 Bxa3
21. O-O Nxc4 22. Rd1 Rf7 23. Ra6 Bc5 24. Bf1 Nd6 25. Rxb6 Bxb6 26. Rxd6 Bd8 27.
Rxe6 Bf6 28. Bd3 g6 29. Ra6 Kg7 30. Ra2 Rd7 31. Be2 Rdc7 32. Bf3 Rc2 33. Rxc2
Rxc2 34. h4 Bd8 35. Kg2 Bb6 36. Kg1 Rb2 37. Bd5 h6 38. Bf3 Bc5 39. Bd5 Bd6 40.
Kg2 Kf6 41. Bf3 Ke7 42. Bd5 Bc7 43. Bc4 Rb6 44. Bd5 Kd6 45. Bf3 Kc5 46. Ba8 Rd6
47. Bf3 Kc4 48. Be2+ Kc3 49. Bf3 Kd2 50. Bb7 Ke1 51. Ba8 Rd7 52. Bc6 Rg7 53.
Bd5 Bd6 54. Bc4 Kd2 55. Kf3 Bc5 56. Kg2 Rb7 57. Bd5 Rc7 58. Bf3 Bb6 59. Ba8 Rc2
60. Bd5 Ke1 61. Kg1 Bc7 62. Kg2 1/2-1/2

[Event "Bulgaria ch 2009"]
[Site "Blagoevgrad BUL"]
[Date "2009.02.18"]
[Round "8.6"]
[White "Chatalbashev, Boris"]
[Black "Bojkov, Dejan"]
[Result "1/2-1/2"]
[WhiteElo "2560"]
[BlackElo "2477"]
[PlyCount "128"]
[EventDate "2009.02.12"]
[EventType "tourn"]
[EventRounds "13"]
[EventCountry "BUL"]
[EventCategory "8"]
[Source "lmi"]
[SourceDate "2009.02.12"]

1. c4 e5 2. g3 Nf6 3. Bg2 d5 4. cxd5 Nxd5 5. Nf3 Nc6 6. O-O Nb6 7. d3 Be7 8. a3
a5 9. b3 O-O 10. Bb2 f6 11. Nbd2 Be6 12. Qc2 Rf7 13. e3 Bf5 14. Ne4 Bf8 15.
Rfd1 Rd7 16. Rac1 Qe7 17. d4 exd4 18. Nxd4 Nxd4 19. Rxd4 Rxd4 20. Bxd4 Re8 21.
Nxf6+ Qxf6 22. Qxc7 Na8 23. Qxb7 Qf7 24. Bd5 Be6 25. Bxe6 Qxe6 26. Rc5 Qd6 27.
Rxa5 Nc7 28. b4 Ne6 29. Rd5 Qb8 30. Qxb8 Rxb8 31. Be5 Rc8 32. b5 Rc5 33. Rxc5
Nxc5 34. b6 Kf7 35. a4 Ke6 36. f4 Kd5 37. a5 Kc6 38. Bc7 Na6 39. Be5 Nc5 40.
Bb2 Kb5 41. Ba3 Bd6 42. Bb2 g6 43. Be5 Nb7 44. Bxd6 Nxd6 45. e4 Kxa5 46. e5 Nb7
47. Kf2 Kxb6 48. Kf3 Nc5 49. Kg4 Ne6 50. f5 h5+ 51. Kh4 gxf5 52. Kxh5 Kc6 53.
Kg6 f4 54. gxf4 Nxf4+ 55. Kf5 Nd5 56. h4 Kd7 57. h5 Ke7 58. h6 Kf7 59. e6+ Kg8
60. Ke5 Ne7 61. Kf6 Nd5+ 62. Kg6 Nf4+ 63. Kf5 Nxe6 64. h7+ Kxh7 1/2-1/2

[Event "Bulgaria ch 2009"]
[Site "Blagoevgrad BUL"]
[Date "2009.02.18"]
[Round "8.7"]
[White "Vutov, M  Mario"]
[Black "Arnaudov, G  Petar"]
[Result "1/2-1/2"]
[WhiteElo "2262"]
[BlackElo "2347"]
[PlyCount "72"]
[EventDate "2009.02.12"]
[EventType "tourn"]
[EventRounds "13"]
[EventCountry "BUL"]
[EventCategory "8"]
[Source "lmi"]
[SourceDate "2009.02.12"]

1. e4 c5 2. Nf3 Nc6 3. d4 cxd4 4. Nxd4 Qc7 5. Nc3 e6 6. Be3 a6 7. f3 Nf6 8. Qd2
Bb4 9. O-O-O d5 10. a3 Bd6 11. exd5 Nxd5 12. Nxd5 exd5 13. g4 O-O 14. Kb1 Re8
15. Nf5 Bxf5 16. gxf5 Be5 17. Rg1 Kh8 18. Rg4 Bf6 19. Bg5 Qe5 20. Bxf6 Qxf6 21.
Bd3 Ne5 22. Rg3 Nxd3 23. Qxd3 Re5 24. Qb3 Rxf5 25. Rxd5 Rxd5 26. Qxd5 Qe7 27.
Qd4 f6 28. Rg4 Rd8 29. Re4 Qc7 30. c4 h6 31. Qe3 f5 32. Re8+ Rxe8 33. Qxe8+ Kh7
34. Qe6 Qc5 35. h4 b5 36. cxb5 axb5 1/2-1/2

[Event "Bulgaria ch 2009"]
[Site "Blagoevgrad BUL"]
[Date "2009.02.18"]
[Round "9.1"]
[White "Arnaudov, G  Petar"]
[Black "Pantev, Veselin"]
[Result "1-0"]
[WhiteElo "2347"]
[BlackElo "2381"]
[PlyCount "49"]
[EventDate "2009.02.12"]
[EventType "tourn"]
[EventRounds "13"]
[EventCountry "BUL"]
[EventCategory "8"]
[Source "lmi"]
[SourceDate "2009.02.12"]

1. Nf3 c5 2. c4 Nf6 3. Nc3 g6 4. e4 d6 5. d4 cxd4 6. Nxd4 Bg7 7. Be2 O-O 8. Be3
Nc6 9. Qd2 Bd7 10. f3 a6 11. O-O Qb8 12. Nb3 Ne5 13. c5 Be6 14. cxd6 exd6 15.
Bh6 Bxh6 16. Qxh6 d5 17. exd5 Bxd5 18. Kh1 Bc6 19. Nd4 Qd8 20. Rad1 Qe7 21. Qg5
Rfe8 22. Nf5 Qe6 23. Nh6+ Kg7 24. Rd6 Nxf3 25. Rxf3 1-0

[Event "Bulgaria ch 2009"]
[Site "Blagoevgrad BUL"]
[Date "2009.02.18"]
[Round "9.3"]
[White "Nikolov, Momchil"]
[Black "Chatalbashev, Boris"]
[Result "1/2-1/2"]
[WhiteElo "2478"]
[BlackElo "2560"]
[PlyCount "62"]
[EventDate "2009.02.12"]
[EventType "tourn"]
[EventRounds "13"]
[EventCountry "BUL"]
[EventCategory "8"]
[Source "lmi"]
[SourceDate "2009.02.12"]

1. d4 d5 2. Nf3 Bf5 3. c4 e6 4. Nc3 Nf6 5. Bg5 c6 6. Qb3 Qb6 7. c5 Qc7 8. e3
Nbd7 9. Qd1 b6 10. Bf4 Qb7 11. b4 a5 12. a3 Be7 13. Be2 axb4 14. axb4 O-O 15.
O-O bxc5 16. bxc5 Rxa1 17. Qxa1 Ra8 18. Qc1 Ne4 19. Nxe4 Bxe4 20. Ne5 Nxe5 21.
Bxe5 Ra2 22. Bf3 Bd3 23. Rd1 Bc2 24. Rd2 Qb2 25. Qxb2 Rxb2 26. h3 Rb1+ 27. Kh2
Bb3 28. Be2 f6 29. Bc7 Kf7 30. Bd3 Rd1 31. Rxd1 Bxd1 1/2-1/2

[Event "Bulgaria ch 2009"]
[Site "Blagoevgrad BUL"]
[Date "2009.02.18"]
[Round "9.4"]
[White "Kukov, Velislav"]
[Black "Enchev, Ivajlo"]
[Result "1-0"]
[WhiteElo "2373"]
[BlackElo "2382"]
[PlyCount "93"]
[EventDate "2009.02.12"]
[EventType "tourn"]
[EventRounds "13"]
[EventCountry "BUL"]
[EventCategory "8"]
[Source "lmi"]
[SourceDate "2009.02.12"]

1. d4 Nf6 2. Nf3 e6 3. c3 c5 4. e3 d5 5. Bd3 Nbd7 6. Nbd2 Bd6 7. O-O O-O 8. Re1
e5 9. e4 dxe4 10. Nxe4 Nxe4 11. Bxe4 exd4 12. cxd4 h6 13. Be3 cxd4 14. Bxd4 Bc5
15. Bc2 Bxd4 16. Nxd4 Nf6 17. Qd3 Qb6 18. Bb3 Bg4 19. Nf5 Rad8 20. Qc2 Bxf5 21.
Qxf5 Rfe8 22. h3 Qb4 23. Red1 a5 24. Rxd8 Rxd8 25. Rc1 Qb6 26. Qc5 Qxc5 27.
Rxc5 b6 28. Rc7 Rd7 29. Rc8+ Kh7 30. Rb8 Rd2 31. Rxb6 Rxb2 32. Ra6 Ne4 33. Bxf7
Nf6 34. Rxa5 Rb1+ 35. Kh2 Rb2 36. f3 g5 37. Ra7 Kg7 38. Bc4+ Kh8 39. Ra6 Kg7
40. Ra7+ Kh8 41. Bf7 h5 42. a4 h4 43. a5 Rd2 44. a6 Nd7 45. Rc7 Ne5 46. Bh5 g4
47. Bxg4 1-0

[Event "Bulgaria ch 2009"]
[Site "Blagoevgrad BUL"]
[Date "2009.02.18"]
[Round "9.7"]
[White "Berbatov, Kiprian"]
[Black "Lilov, Valeri"]
[Result "0-1"]
[WhiteElo "2392"]
[BlackElo "2443"]
[PlyCount "130"]
[EventDate "2009.02.12"]
[EventType "tourn"]
[EventRounds "13"]
[EventCountry "BUL"]
[EventCategory "8"]
[Source "lmi"]
[SourceDate "2009.02.12"]

1. e4 e5 2. Nf3 Nc6 3. Bb5 a6 4. Ba4 Nf6 5. O-O b5 6. Bb3 Bc5 7. a4 Bb7 8. c3
d6 9. d4 Bb6 10. axb5 axb5 11. Rxa8 Qxa8 12. Na3 O-O 13. d5 Na7 14. Bc2 h6 15.
Nh4 Bc8 16. Qf3 Bg4 17. Qg3 Kh8 18. Kh1 Qc8 19. h3 Bd7 20. Qf3 Nh7 21. g4 c5
22. Nf5 Bxf5 23. gxf5 Bd8 24. Rg1 Bg5 25. Bxg5 Nxg5 26. Qg4 Rg8 27. Bd3 Qd7 28.
Nc2 Nc8 29. Ne3 c4 30. Bc2 Qe7 31. Qh4 Nb6 32. Ng4 Nd7 33. Ra1 Nf6 34. Nxf6
Qxf6 35. Ra6 Rb8 36. f4 Nxe4 37. Qxf6 Nxf6 38. fxe5 dxe5 39. d6 Rb7 40. Rc6 Rb8
41. b3 Ra8 42. bxc4 bxc4 43. Bb1 Ra1 44. Rb6 Ra3 45. Rb8+ Kh7 46. d7 Nxd7 47.
f6+ g6 48. Rb7 Rb3 49. Rxd7 Rxb1+ 50. Kg2 g5 51. Rxf7+ Kg6 52. Rc7 Kxf6 53.
Rxc4 Kf5 54. Rc6 h5 55. Rh6 h4 56. Rh8 Rc1 57. Rc8 Kf4 58. Rf8+ Ke4 59. Rc8
Rc2+ 60. Kf1 Kf3 61. Rf8+ Kg3 62. Rg8 Rf2+ 63. Ke1 Rf5 64. c4 e4 65. Re8 Kxh3
0-1

[Event "Bulgaria ch 2009"]
[Site "Blagoevgrad BUL"]
[Date "2009.02.19"]
[Round "10.1"]
[White "Pantev, Veselin"]
[Black "Lilov, Valeri"]
[Result "1-0"]
[WhiteElo "2381"]
[BlackElo "2443"]
[PlyCount "65"]
[EventDate "2009.02.12"]
[EventType "tourn"]
[EventRounds "13"]
[EventCountry "BUL"]
[EventCategory "8"]
[Source "lmi"]
[SourceDate "2009.02.12"]

1. d4 f5 2. g3 Nf6 3. Bg2 g6 4. Nh3 Bg7 5. Nf4 d6 6. d5 O-O 7. h4 c6 8. h5 Qe8
9. hxg6 hxg6 10. c4 Na6 11. Nc3 Bd7 12. Be3 Ng4 13. Bd4 Ne5 14. Qc1 Qf7 15. Nh3
Qf6 16. Kf1 c5 17. Bxe5 Qxe5 18. Nf4 Qf6 19. Ne6 Rfc8 20. e4 Nc7 21. exf5 gxf5
22. Nf4 b5 23. Qd1 bxc4 24. Qh5 Rab8 25. Qh7+ Kf8 26. Re1 Be8 27. Re6 Qg5 28.
Bf3 Rxb2 29. Rh5 Bxh5 30. Bxh5 Rcb8 31. Ng6+ Ke8 32. Ne5+ Kd8 33. Qg8+ 1-0

[Event "Bulgaria ch 2009"]
[Site "Blagoevgrad BUL"]
[Date "2009.02.19"]
[Round "10.2"]
[White "Filev, Georgi"]
[Black "Berbatov, Kiprian"]
[Result "1-0"]
[WhiteElo "2378"]
[BlackElo "2392"]
[PlyCount "47"]
[EventDate "2009.02.12"]
[EventType "tourn"]
[EventRounds "13"]
[EventCountry "BUL"]
[EventCategory "8"]
[Source "lmi"]
[SourceDate "2009.02.12"]

1. e4 c5 2. Nf3 d6 3. d4 cxd4 4. Nxd4 Nf6 5. Nc3 a6 6. Bg5 e6 7. f4 Nbd7 8. Qf3
Qc7 9. O-O-O b5 10. Bd3 Bb7 11. Rhe1 Qb6 12. Nd5 Qxd4 13. Bxf6 gxf6 14. Bxb5
Qc5 15. Nxf6+ Kd8 16. Nxd7 Qxb5 17. Nxf8 Rxf8 18. Qa3 Ke8 19. Qxd6 Rc8 20. Re3
Qc6 21. Qd2 f6 22. Rc3 Qb5 23. Qd6 Kf7 24. Qd7+ 1-0

[Event "Bulgaria ch 2009"]
[Site "Blagoevgrad BUL"]
[Date "2009.02.19"]
[Round "10.3"]
[White "Rusev, Krasimir"]
[Black "Petkov, Vladimir"]
[Result "1/2-1/2"]
[WhiteElo "2546"]
[BlackElo "2504"]
[PlyCount "49"]
[EventDate "2009.02.12"]
[EventType "tourn"]
[EventRounds "13"]
[EventCountry "BUL"]
[EventCategory "8"]
[Source "lmi"]
[SourceDate "2009.02.12"]

1. d4 Nf6 2. c4 e6 3. Nf3 d5 4. Nc3 dxc4 5. e4 Bb4 6. Bg5 c5 7. Bxc4 cxd4 8.
Nxd4 Bxc3+ 9. bxc3 Qa5 10. Bxf6 Qxc3+ 11. Kf1 gxf6 12. Rc1 Qa5 13. Bb5+ Ke7 14.
e5 fxe5 15. Qh5 Nd7 16. Qg5+ Kf8 17. Rxc8+ Rxc8 18. Bxd7 Qd8 19. Nxe6+ fxe6 20.
Qh6+ Ke7 21. Qxe6+ Kf8 22. Qh6+ Ke7 23. Qe6+ Kf8 24. Qh6+ Ke7 25. Qe6+ 1/2-1/2

[Event "Bulgaria ch 2009"]
[Site "Blagoevgrad BUL"]
[Date "2009.02.19"]
[Round "10.4"]
[White "Enchev, Ivajlo"]
[Black "Radulski, Julian"]
[Result "0-1"]
[WhiteElo "2382"]
[BlackElo "2579"]
[PlyCount "110"]
[EventDate "2009.02.12"]
[EventType "tourn"]
[EventRounds "13"]
[EventCountry "BUL"]
[EventCategory "8"]
[Source "lmi"]
[SourceDate "2009.02.12"]

1. d4 d5 2. c4 e6 3. Nc3 Be7 4. Nf3 Nf6 5. Bg5 Nbd7 6. cxd5 Nxd5 7. Bxe7 Qxe7
8. Rc1 Nxc3 9. Rxc3 c6 10. e3 O-O 11. Be2 e5 12. dxe5 Nxe5 13. Qc2 Ng4 14. O-O
Nf6 15. a3 Bg4 16. Nd4 Bxe2 17. Nxe2 Rad8 18. Rd1 Rxd1+ 19. Qxd1 Ne4 20. Rd3
Qf6 21. f3 Nc5 22. Rd2 g6 23. Qc2 Qe7 24. e4 Ne6 25. Nd4 Nf4 26. Ne2 Ne6 27.
Nd4 Nc5 28. Rd1 Rd8 29. b4 Na6 30. Nb3 Rxd1+ 31. Qxd1 c5 32. bxc5 Nxc5 33. Na1
Ne6 34. Nc2 Qc5+ 35. Kf1 Qc3 36. g3 b5 37. f4 a5 38. f5 Nc5 39. Qd8+ Kg7 40.
Qd4+ Qxd4 41. Nxd4 b4 42. axb4 axb4 43. Ke2 Nxe4 44. fxg6 Kxg6 45. Kd3 Nd6 46.
Nc6 b3 47. Kc3 Kf5 48. Kxb3 Kg4 49. Kc3 Kh3 50. Kd4 Kxh2 51. Ke5 Kxg3 52. Kxd6
h5 53. Ke5 h4 54. Nd4 h3 55. Nf5+ Kf3 0-1

[Event "Bulgaria ch 2009"]
[Site "Blagoevgrad BUL"]
[Date "2009.02.19"]
[Round "10.6"]
[White "Vutov, M  Mario"]
[Black "Nikolov, Momchil"]
[Result "0-1"]
[WhiteElo "2262"]
[BlackElo "2478"]
[PlyCount "120"]
[EventDate "2009.02.12"]
[EventType "tourn"]
[EventRounds "13"]
[EventCountry "BUL"]
[EventCategory "8"]
[Source "lmi"]
[SourceDate "2009.02.12"]

1. e4 c5 2. Nf3 e6 3. d4 cxd4 4. Nxd4 a6 5. Nc3 Qc7 6. Be2 Nf6 7. O-O Be7 8. f4
d6 9. a4 Nc6 10. Be3 O-O 11. Kh1 Re8 12. Nb3 b6 13. Bf3 Rb8 14. g4 Bf8 15. g5
Nd7 16. Bg2 Na5 17. Nd4 g6 18. f5 Ne5 19. Qe2 Nac4 20. Bc1 Bg7 21. f6 Bf8 22.
b3 Na5 23. Bb2 Nac6 24. Nxc6 Qxc6 25. Qd2 b5 26. axb5 axb5 27. Na2 Bb7 28. Nb4
Qc7 29. Na6 Bxa6 30. Rxa6 Rec8 31. Rc1 h6 32. h4 h5 33. Qd4 Ra8 34. Rxa8 Rxa8
35. Bf1 Rb8 36. Be2 b4 37. Qe3 Rb6 38. Kg2 Rc6 39. c4 bxc3 40. Rxc3 Qb7 41.
Rxc6 Nxc6 42. Ba3 Nb4 43. Bxb4 Qxb4 44. Bc4 d5 45. exd5 exd5 46. Bxd5 Qxh4 47.
Bc4 Qg4+ 48. Qg3 Qf5 49. Qe3 h4 50. Be2 Kh7 51. Kh1 Bc5 52. Qf3 Qxg5 53. Qf1
Qd5+ 54. Qf3 Qxf3+ 55. Bxf3 Bd4 56. Bd5 Kg8 57. b4 Bxf6 58. b5 Bd8 59. Kg2 Kg7
60. Kh3 f5 0-1

[Event "Bulgaria ch 2009"]
[Site "Blagoevgrad BUL"]
[Date "2009.02.19"]
[Round "10.7"]
[White "Arnaudov, G  Petar"]
[Black "Bojkov, Dejan"]
[Result "1/2-1/2"]
[WhiteElo "2347"]
[BlackElo "2477"]
[PlyCount "60"]
[EventDate "2009.02.12"]
[EventType "tourn"]
[EventRounds "13"]
[EventCountry "BUL"]
[EventCategory "8"]
[Source "lmi"]
[SourceDate "2009.02.12"]

1. d4 Nf6 2. c4 g6 3. Nc3 Bg7 4. e4 d6 5. Nf3 O-O 6. h3 e5 7. dxe5 dxe5 8. Qxd8
Rxd8 9. Bg5 Na6 10. Nd5 Rd6 11. Bxf6 Bxf6 12. Rc1 b6 13. b4 Bd8 14. c5 bxc5 15.
bxc5 Rc6 16. Bc4 Rxc5 17. O-O c6 18. Bxa6 Rxc1 19. Rxc1 Bxa6 20. Rxc6 Bd3 21.
Nc3 Bb6 22. Nxe5 Rd8 23. Nd5 Bxe4 24. Nf6+ Kg7 25. Nxe4 Re8 26. Nc4 Rxe4 27.
Nxb6 Re1+ 28. Kh2 axb6 29. Rxb6 Re2 30. Kg3 Rxa2 1/2-1/2

[Event "Bulgaria ch 2009"]
[Site "Blagoevgrad BUL"]
[Date "2009.02.20"]
[Round "11.1"]
[White "Bojkov, Dejan"]
[Black "Pantev, Veselin"]
[Result "1-0"]
[WhiteElo "2477"]
[BlackElo "2381"]
[PlyCount "57"]
[EventDate "2009.02.12"]
[EventType "tourn"]
[EventRounds "13"]
[EventCountry "BUL"]
[EventCategory "8"]
[Source "lmi"]
[SourceDate "2009.02.12"]

1. e4 e6 2. d4 d5 3. Nc3 dxe4 4. Nxe4 Nf6 5. Bg5 Be7 6. Bxf6 Bxf6 7. Nf3 Nd7 8.
Bd3 O-O 9. Qe2 c5 10. O-O-O cxd4 11. h4 e5 12. Nfg5 g6 13. Kb1 h6 14. Qf3 Kg7
15. Rh2 Nb6 16. Nxf6 Qxf6 17. Qxf6+ Kxf6 18. Nh7+ Kg7 19. Nxf8 Kxf8 20. Re1 Nd7
21. Rhh1 Kg7 22. Rhf1 g5 23. hxg5 hxg5 24. Rh1 Kf6 25. Rh6+ Ke7 26. g3 f6 27.
f4 gxf4 28. gxf4 a5 29. Bb5 1-0

[Event "Bulgaria ch 2009"]
[Site "Blagoevgrad BUL"]
[Date "2009.02.20"]
[Round "11.2"]
[White "Nikolov, Momchil"]
[Black "Arnaudov, G  Petar"]
[Result "1/2-1/2"]
[WhiteElo "2478"]
[BlackElo "2347"]
[PlyCount "60"]
[EventDate "2009.02.12"]
[EventType "tourn"]
[EventRounds "13"]
[EventCountry "BUL"]
[EventCategory "8"]
[Source "lmi"]
[SourceDate "2009.02.12"]

1. d4 Nf6 2. c4 e6 3. Nc3 Bb4 4. e3 b6 5. Nf3 Bb7 6. Bd3 Ne4 7. Qc2 f5 8. Bd2
Nxd2 9. Qxd2 O-O 10. a3 Bxc3 11. Qxc3 c5 12. dxc5 bxc5 13. Be2 a5 14. Rd1 Qe7
15. O-O d6 16. b4 axb4 17. axb4 cxb4 18. Qxb4 Rd8 19. c5 Bxf3 20. cxd6 Qb7 21.
Qh4 Bxe2 22. Qxd8+ Kf7 23. Rb1 Qd7 24. Qxd7+ Nxd7 25. Rb7 Rd8 26. Re1 Bh5 27.
e4 Kf6 28. exf5 exf5 29. h3 Ne5 30. Rc7 Nd3 1/2-1/2

[Event "Bulgaria ch 2009"]
[Site "Blagoevgrad BUL"]
[Date "2009.02.20"]
[Round "11.3"]
[White "Kukov, Velislav"]
[Black "Vutov, M  Mario"]
[Result "0-1"]
[WhiteElo "2373"]
[BlackElo "2262"]
[PlyCount "72"]
[EventDate "2009.02.12"]
[EventType "tourn"]
[EventRounds "13"]
[EventCountry "BUL"]
[EventCategory "8"]
[Source "lmi"]
[SourceDate "2009.02.12"]

1. d4 Nf6 2. Nf3 g6 3. c4 Bg7 4. Nc3 d6 5. e4 O-O 6. h3 Na6 7. Bg5 c6 8. Be2 e5
9. d5 h6 10. Be3 Nc5 11. Nd2 a5 12. a3 cxd5 13. cxd5 Ne8 14. b4 axb4 15. axb4
Rxa1 16. Qxa1 Na6 17. Qa3 f5 18. Nc4 Rf7 19. b5 Nc5 20. Nxd6 Nxd6 21. Bxc5 Bf8
22. Bd3 b6 23. Bb4 fxe4 24. Be2 e3 25. fxe3 Qh4+ 26. Kd1 Nxb5 27. Nxb5 Bxb4 28.
Qa8 Rf8 29. Qc6 Bf5 30. g4 Be4 31. Qe6+ Kh7 32. Rg1 Qd8 33. d6 Qa8 34. Qe7+ Kg8
35. Bc4+ Bd5 36. Qxe5 Bxc4 0-1

[Event "Bulgaria ch 2009"]
[Site "Blagoevgrad BUL"]
[Date "2009.02.20"]
[Round "11.4"]
[White "Radulski, Julian"]
[Black "Chatalbashev, Boris"]
[Result "1/2-1/2"]
[WhiteElo "2579"]
[BlackElo "2560"]
[PlyCount "60"]
[EventDate "2009.02.12"]
[EventType "tourn"]
[EventRounds "13"]
[EventCountry "BUL"]
[EventCategory "8"]
[Source "lmi"]
[SourceDate "2009.02.12"]

1. e4 d6 2. d4 Nf6 3. Nc3 g6 4. Be2 Bg7 5. Nf3 O-O 6. O-O c6 7. h3 Nbd7 8. Bf4
Qa5 9. a4 e5 10. Bh2 Re8 11. dxe5 dxe5 12. Bc4 Qb4 13. Qe2 Nb6 14. Bb3 Be6 15.
Bxe6 Rxe6 16. a5 Nbd7 17. Rfd1 Qxb2 18. Qc4 b5 19. axb6 Nxb6 20. Qd3 Qb4 21.
Bxe5 Nc4 22. Bxf6 Bxf6 23. Ra4 Qxc3 24. Qxc3 Bxc3 25. Rxc4 Bf6 26. Rd3 a5 27.
Kf1 Be7 28. Ra4 Rb8 29. Ke2 Rb2 30. Rc3 f5 1/2-1/2

[Event "Bulgaria ch 2009"]
[Site "Blagoevgrad BUL"]
[Date "2009.02.20"]
[Round "11.7"]
[White "Lilov, Valeri"]
[Black "Filev, Georgi"]
[Result "1/2-1/2"]
[WhiteElo "2443"]
[BlackElo "2378"]
[PlyCount "81"]
[EventDate "2009.02.12"]
[EventType "tourn"]
[EventRounds "13"]
[EventCountry "BUL"]
[EventCategory "8"]
[Source "lmi"]
[SourceDate "2009.02.12"]

1. e4 c5 2. Nc3 Nc6 3. f4 g6 4. Nf3 Bg7 5. Bb5 Nd4 6. O-O Nxb5 7. Nxb5 d5 8.
exd5 a6 9. Nc3 Nf6 10. d4 c4 11. Qe2 Nxd5 12. Ne5 Nxc3 13. bxc3 Be6 14. a4 O-O
15. a5 Qd5 16. Bd2 Rac8 17. Rfb1 Rc7 18. Rb4 Rfc8 19. h3 Bf5 20. Rb2 Qe4 21.
Qxe4 Bxe4 22. Ng4 Bxd4+ 23. cxd4 c3 24. Bxc3 Rxc3 25. Nf2 Bd5 26. Re1 Kf8 27.
Ng4 R8c4 28. Ne3 Rxd4 29. Nxd5 Rxd5 30. Rxb7 e6 31. Re2 Rxa5 32. Rd2 Rd5 33.
Rxd5 exd5 34. Ra7 Rxc2 35. Rxa6 Ke7 36. Kh2 Re2 37. Kg3 h5 38. Kf3 Re1 39. g3
Re6 40. Ra7+ Ke8 41. Ra8+ 1/2-1/2

[Event "Bulgaria ch 2009"]
[Site "Blagoevgrad BUL"]
[Date "2009.02.21"]
[Round "12.1"]
[White "Pantev, Veselin"]
[Black "Filev, Georgi"]
[Result "1/2-1/2"]
[WhiteElo "2381"]
[BlackElo "2378"]
[PlyCount "64"]
[EventDate "2009.02.12"]
[EventType "tourn"]
[EventRounds "13"]
[EventCountry "BUL"]
[EventCategory "8"]
[Source "lmi"]
[SourceDate "2009.02.12"]

1. d4 d5 2. c4 c6 3. cxd5 cxd5 4. Nf3 Nc6 5. Nc3 Nf6 6. Bf4 Bf5 7. e3 e6 8. Bd3
Bxd3 9. Qxd3 Bd6 10. Bxd6 Qxd6 11. O-O O-O 12. Rfc1 Rac8 13. h3 Rfd8 14. Qb5
Qb4 15. Qxb4 Nxb4 16. Ne5 Nc6 17. Nxc6 Rxc6 18. Ne2 Rdc8 19. Rxc6 Rxc6 20. Rc1
Rxc1+ 21. Nxc1 Kf8 22. f3 Ke7 23. Kf2 Nd7 24. Nd3 Kd6 25. Ke2 f6 26. Kd2 Kc6
27. b3 b5 28. Nb4+ Kd6 29. Na6 Kc6 30. Nb4+ Kd6 31. Na6 Kc6 32. Nb4+ Kd6
1/2-1/2

[Event "Bulgaria ch 2009"]
[Site "Blagoevgrad BUL"]
[Date "2009.02.21"]
[Round "12.2"]
[White "Rusev, Krasimir"]
[Black "Lilov, Valeri"]
[Result "1/2-1/2"]
[WhiteElo "2546"]
[BlackElo "2443"]
[PlyCount "170"]
[EventDate "2009.02.12"]
[EventType "tourn"]
[EventRounds "13"]
[EventCountry "BUL"]
[EventCategory "8"]
[Source "lmi"]
[SourceDate "2009.02.12"]

1. d4 Nf6 2. c4 e6 3. Nf3 c5 4. d5 exd5 5. cxd5 b5 6. Bg5 d6 7. e3 a6 8. a4 b4
9. Nbd2 Be7 10. Nc4 a5 11. Qc2 O-O 12. Bd3 h6 13. Bxf6 Bxf6 14. O-O Qc7 15.
Rad1 Nd7 16. b3 Bb7 17. e4 Rfe8 18. Ne3 Bc3 19. Nd2 Nf6 20. Ndc4 Ba6 21. Kh1
Qd8 22. f3 Bc8 23. Qf2 Nh5 24. g3 Ra7 25. Qg2 Rae7 26. h4 Ra7 27. Qh2 Qf6 28.
Ng2 Be5 29. f4 Bd4 30. Be2 g6 31. g4 Ng7 32. g5 hxg5 33. hxg5 Qd8 34. Bf3 Rae7
35. Rfe1 Bb7 36. Qg3 Bxd5 37. Rxd4 cxd4 38. exd5 Nf5 39. Qf2 Rxe1+ 40. Nxe1 Qc7
41. Ng2 Qc5 42. Kg1 Ne3 43. Ngxe3 dxe3 44. Qe2 Qd4 45. Nxd6 Re7 46. Nc4 Qxf4
47. d6 Qxg5+ 48. Kf1 Re8 49. Qd1 Qf5 50. Ke2 Qf4 51. Qd3 Qh2+ 52. Kd1 Qg1+ 53.
Kc2 Qg5 54. Be2 Qc5 55. Kd1 Rd8 56. Bf3 Qg5 57. Ke2 Qf4 58. Qxe3 Qh2+ 59. Kd3
Qa2 60. Kd4 Qa1+ 61. Kd5 Qf6 62. Bg4 Qh4 63. Be2 Qf6 64. Qe5 Qf2 65. Qe7 Qg2+
66. Kd4 Qf2+ 67. Kd5 Qg2+ 68. Qe4 Qg5+ 69. Qe5 Qg2+ 70. Kd4 Qf2+ 71. Kd3 Qe1
72. Nd2 Qc1 73. Bf3 Qc3+ 74. Qxc3 bxc3 75. Nc4 f5 76. Kxc3 Kg7 77. Kd4 Kf6 78.
Kd5 g5 79. Ne5 g4 80. Be2 Re8 81. Nd7+ Kg5 82. Ne5 Kf6 83. Nd7+ Kg5 84. Ne5 Kf6
85. Nd7+ Kg5 1/2-1/2